1175 1051 1724 1987 1588 1835 1759 1579 1125 1914 1178 1231 1131 1112 1182 1659 1642 1953 1920 1409 1325 1358 1024 1209 1246 1600 1482 1443 1452 1878 1904 1992 1246 1911 1885 1673 1563 1293 1968 1736 1626 1638 1167 1721 1636 1253 1134 1085 1188 1546 1315 1282 1250 1465 1078 1430 1537 1812 1150 1323 1130 1326 1820 1645 1407 1082 1410 1601 1940 1877 1267 1722 1376 1508 1066 1312 1407 1462 1049 1236 1297 1179 1682 1367 1846 1640 1550 1918 1896 1452 1256 1159 1401 1891 1729 1907 1444 1734 1867 BCNSPRNW ULIB Ver.6.0+V

เปลี่ยนเป็นภาษาไทย

Change to English
 แสดงรายละเอียดบรรณานุกรม
  กลับหน้าหลัก

Brief Record : Get Marc (ISO 2709) : E-mail record : QR code < ปิดหน้าต่าง
LEADER : 00000nam 2200000uu 4500
001    13399114279
003     ULIB
008    110627s||||||||th 000 0 tha d
020    9789749140869
090    นว.^bช516ค
100 0  ชาติ กอบจิตติ
245 00 คำพิพากษา/^cชาติ กอบจิตติ
250    พิมพ์ครั้งที่ 4
260    กรุงเทพฯ :^bพี เอ ลิฟวิ่ง,^c2547
300    328 หน้า
710 1  พี เอ ลิฟวิ่ง
945    ^p265^l0^i022048
995    ทศพร
999 ^a ใช้งานได้ทุกระบบ
รายการนี้ยังไม่มีแท็ก
คุณยังไม่ได้ล็อกอิน คุณสามารถมีกิจกรรมร่วมกับเว็บไซต์ได้ แต่ต้องล็อกอินก่อน ::
  ล็อกอิน

รายการสื่อสารสนเทศ

ลำดับที่ ประเภท เลขเรียก/บาร์โค้ด สถานที่ สถานะ
1. นวนิยาย
นวนิยาย
นว. ช516ค ฉ.1 
  Barcode: 022048
ห้องสมุดวิทยาเขตสวรรค์ประชารักษ์
►นวนิยาย
บนชั้น
  ขอยืม

BibComment


ยังไม่เคยถูกคอมเมนท์

คอมเมนท์ทรัพยากรรายการนี้
  คอมเมนท์: คำพิพากษา ชาติ ก..


 Copyright 2026. Bcnsprnw @Library